| 000 | 00596nam a2200205 a 4500 | ||
|---|---|---|---|
| 001 | 0016 | ||
| 005 | 20140414131912.0 | ||
| 008 | 040726s19uu xx 00 eng d | ||
| 020 | _a0-689-82129-8 | ||
| 050 |
_aER _bR84 1998 |
||
| 100 | _aDavid, Luke | ||
| 245 |
_aRugrats : bark, spike, bark! / _cLuke David ; illustrated by George Ulrich. |
||
| 260 |
_aNew York : _bSimon spotlight, _c1998. |
||
| 300 | _a1 v. : ill. ; cm. | ||
| 440 | _aNickelodeon | ||
| 650 |
_aBabies _xFiction. |
||
| 650 |
_aDogs _xFiction. |
||
| 650 |
_aAutomobiles _xMaintenance and repair _xFiction. |
||
| 999 |
_c111285 _d111285 |
||